Der Zusammenhang von Bildung und Kriminalität: ein Prozent mehr Bildung reduziert Kriminalität um fünf Prozent

Guardado en:  
Detalles Bibliográficos
Autor principal: Antholz, Birger (Autor)
Tipo de documento: Print Artículo
Lenguaje:Alemán
Publicado: 2017
En: Neue Praxis
Año: 2017, Volumen: 47, Número: 1, Páginas: 55-71
Verificar disponibilidad: HBZ Gateway
Palabras clave:

MARC

LEADER 00000caa a2200000 c 4500
001 1637026056
003 DE-627
005 20220615094354.0
007 tu
008 170321s2017 xx ||||| 00| ||ger c
035 |a (DE-627)1637026056 
035 |a (DE-576)485734036 
035 |a (DE-599)BSZ485734036 
035 |a (OCoLC)1330192598 
040 |a DE-627  |b ger  |c DE-627  |e rda 
041 |a ger 
100 1 |a Antholz, Birger  |e VerfasserIn  |0 (DE-588)1171144245  |0 (DE-627)1040384730  |0 (DE-576)175934118  |4 aut 
109 |a Antholz, Birger 
245 1 4 |a Der Zusammenhang von Bildung und Kriminalität  |b ein Prozent mehr Bildung reduziert Kriminalität um fünf Prozent  |c Birger Antholz 
264 1 |c 2017 
336 |a Text  |b txt  |2 rdacontent 
337 |a ohne Hilfsmittel zu benutzen  |b n  |2 rdamedia 
338 |a Band  |b nc  |2 rdacarrier 
773 0 8 |i Enthalten in  |t Neue Praxis  |d Lahnstein : Verl. Neue Praxis, 1971  |g 47(2017), 1, Seite 55-71  |w (DE-627)129289388  |w (DE-600)120196-7  |w (DE-576)014470780  |x 0342-9857  |7 nnas 
773 1 8 |g volume:47  |g year:2017  |g number:1  |g pages:55-71 
951 |a AR 
ELC |b 1 
LOK |0 000 xxxxxcx a22 zn 4500 
LOK |0 001 3294976038 
LOK |0 003 DE-627 
LOK |0 004 1637026056 
LOK |0 005 20250409145750 
LOK |0 008 170321||||||||||||||||ger||||||| 
LOK |0 040   |a DE-21-110  |c DE-627  |d DE-21-110 
LOK |0 689   |a s  |a Jugendliche 
LOK |0 689   |a s  |a Kriminalitätsrückgang 
LOK |0 689   |a s  |a Bildung 
LOK |0 689   |a s  |a Schule 
LOK |0 689   |a s  |a Dunkelfeld 
LOK |0 689   |a s  |a PKS 
LOK |0 689   |a s  |a Polizeiliche Kriminalstatistik 
LOK |0 689   |a s  |a Schülerbefragung 
LOK |0 852   |a DE-21-110 
LOK |0 852 1  |m p  |9 00 
LOK |0 938   |k p 
LOK |0 939   |a 21-03-17  |b l01 
ORI |a SA-MARC-krimdoka001.raw